| 000 | 00000nam##2200000za#4500 |
| 001 | 9.608760 |
| 003 | CaOODSP |
| 005 | 20230202144024 |
| 007 | ta |
| 008 | 150406|1993||||xxc||||| f|0| 0 eng|d |
| 020 | |a0-662-20473-5 |
| 040 | |aCaOODSP|beng |
| 043 | |an-cn--- |
| 086 | 1 |aH72-22/10-1993E |
| 110 | 2 |aNational Clearinghouse on Family Violence (Canada). |
| 245 | 10|aParent-child relationships: children / |cPrepared by Danièle Fréchette et al. |
| 260 | |aOttawa - Ontario : |bHealth and Welfare Canada. |c1993. |
| 300 | |a8p. : |breferences ; |c28 cm. |
| 490 | 1 |aInformation from the National Clearinghouse on Family Violence |
| 500 | |a"The...sheet deals with children's development and needs."--Page 1. |
| 520 | 3 |aThe...sheet deals with children's development and needs.--Page 1 |
| 590 | |a93-13|b1993-04-02 |
| 690 | 07|aParenting|2gcpds |
| 690 | 07|aChildren|2gcpds |
| 720 | 1 |aFréchette, Danièle |
| 776 | 0#|tParent-child relationships - children / |w(CaOODSP)9.572625 |
| 830 | #0|aInformation from the National Clearinghouse on Family Violence.|w(CaOODSP)9.514740 |